[Event "GBR-ch82"]
[Site "Swansea"]
[Date "1995.08.05"]
[Round "6"]
[White "Hunt, Harriet"]
[Black "Cobb, James E"]
[Result "1/2-1/2"]
[WhiteElo "2385"]
[BlackElo "2280"]
[PlyCount "118"]
[EventDate "1995.07.31"]
[EventType "swiss"]
[EventRounds "11"]
[EventCountry "GBR"]
[SourceTitle "BritBase"]
[Source "John Saunders"]
[SourceDate "2023.06.01"]
[SourceVersion "1"]
[SourceVersionDate "2023.06.01"]
[SourceQuality "1"]

1. e4 e5 2. Nf3 Nc6 3. Bb5 Nge7 4. Nc3 d6 5. d4 Bd7 6. Bg5 Nxd4 7. Nxd4 exd4 8.
Qxd4 Bxb5 9. Nxb5 Nc6 10. Qe3 Be7 11. Bxe7 Qxe7 12. O-O O-O 13. Rad1 Rfe8 14.
Rfe1 a6 15. Nc3 Rac8 16. Nd5 Qh4 17. f4 Ne7 18. c4 b5 19. b3 Ng6 20. cxb5 axb5
21. Qg3 Qxg3 22. hxg3 Ne7 23. Kf2 Kf8 24. Rc1 c6 25. Nc3 Red8 26. Red1 Ra8 27.
Rc2 Ke8 28. Rcd2 Nc8 29. e5 d5 30. Ne4 Rd7 31. Nc5 Rda7 32. a4 bxa4 33. bxa4
Nb6 34. Rc2 Nc4 35. Rd4 Ra5 36. Rdxc4 dxc4 37. Rxc4 Rb8 38. g4 Ra7 39. Kf3 Rd8
40. Ke4 Rd5 41. Nb3 Rd1 42. Nc5 Ra8 43. f5 Rd2 44. g3 Ra5 45. e6 fxe6 46. Nxe6
Ra2 47. Nc5 Ke7 48. g5 Re2+ 49. Kf4 Rf2+ 50. Ke4 Re2+ 51. Kf4 Ra7 52. Ne4 Ra2
53. f6+ Kf7 54. Rxc6 R2xa4 55. g4 Ra8 56. Kf3 Ra3+ 57. Kf4 R3a4 58. Kf3 Ra3+
59. Kf4 R3a4 1/2-1/2

[Event "GBR-ch82"]
[Site "Swansea"]
[Date "1995.08.05"]
[Round "6"]
[White "Ledger, Stephen C"]
[Black "Ferguson, Mark"]
[Result "0-1"]
[WhiteElo "2260"]
[BlackElo "2360"]
[PlyCount "82"]
[EventDate "1995.07.31"]
[EventType "swiss"]
[EventRounds "11"]
[EventCountry "GBR"]
[SourceTitle "BritBase"]
[Source "John Saunders"]
[SourceDate "2023.06.01"]
[SourceVersion "1"]
[SourceVersionDate "2023.06.01"]
[SourceQuality "1"]

1. d4 Nf6 2. Nf3 g6 3. Bf4 Bg7 4. e3 O-O 5. h3 d6 6. Nbd2 Nbd7 7. Bc4 Qe8 8. c3
e5 9. dxe5 dxe5 10. Bh2 Qe7 11. Qc2 Ne8 12. O-O Nd6 13. Be2 Nc5 14. b4 Bf5 15.
Qb2 Na4 16. Qb3 b5 17. c4 a6 18. Rac1 Rfc8 19. Rfd1 c5 20. a3 h5 21. Bg3 Kh7
22. Nf1 Ne4 23. N3d2 Nxg3 24. Nxg3 Be6 25. Bf3 Rab8 26. Nge4 f5 27. Nxc5 Nxc5
28. bxc5 e4 29. Be2 bxc4 30. Qa4 c3 31. Nc4 Qxc5 32. Nd6 Rc6 33. Nxe4 fxe4 34.
Qxe4 c2 35. Rf1 Bf5 36. Qf3 Bb2 37. g4 hxg4 38. hxg4 Be6 39. Kg2 Bxc1 40. Rh1+
Kg8 41. Qh3 Qe5 0-1

[Event "GBR-ch82"]
[Site "Swansea"]
[Date "1995.08.05"]
[Round "6"]
[White "Martin, David"]
[Black "Hague, Ben"]
[Result "0-1"]
[WhiteElo "2180"]
[BlackElo "2230"]
[PlyCount "64"]
[EventDate "1995.07.31"]
[EventType "swiss"]
[EventRounds "11"]
[EventCountry "GBR"]
[SourceTitle "BritBase"]
[Source "John Saunders"]
[SourceDate "2023.06.01"]
[SourceVersion "1"]
[SourceVersionDate "2023.06.01"]
[SourceQuality "1"]

1. d4 d5 2. c4 e6 3. Nc3 c6 4. e4 dxe4 5. Nxe4 Bb4+ 6. Bd2 Qxd4 7. Bxb4 Qxe4+
8. Be2 Nd7 9. Nf3 c5 10. Bc3 Ngf6 11. O-O O-O 12. Re1 b6 13. Bd3 Qg4 14. h3 Qh5
15. Qc2 Bb7 16. Ne5 Qg5 17. f4 Qh4 18. Rf1 Rad8 19. Rae1 h6 20. Re3 Nh5 21. Be1
Qe7 22. g4 Nhf6 23. Bh4 Qd6 24. Kh2 Qd4 25. Qe2 Kh8 26. g5 Nxe5 27. fxe5 Qxh4
28. gxf6 Rg8 29. Bb1 gxf6 30. Be4 Bxe4 31. Rxe4 Qg3+ 32. Kh1 Qxh3+ 0-1

[Event "GBR-ch82"]
[Site "Swansea"]
[Date "1995.08.05"]
[Round "6"]
[White "McFarland, Robert S"]
[Black "Coleman, David J"]
[Result "0-1"]
[WhiteElo "2215"]
[BlackElo "2255"]
[PlyCount "98"]
[EventDate "1995.07.31"]
[EventType "swiss"]
[EventRounds "11"]
[EventCountry "GBR"]
[SourceTitle "BritBase"]
[Source "John Saunders"]
[SourceDate "2023.06.01"]
[SourceVersion "1"]
[SourceVersionDate "2023.06.01"]
[SourceQuality "1"]

1. d4 Nf6 2. c4 g6 3. Nf3 Bg7 4. g3 O-O 5. Bg2 d6 6. O-O a6 7. Nc3 Nc6 8. d5
Na5 9. Nd2 c5 10. Qc2 Rb8 11. b3 b5 12. Bb2 e6 13. Rae1 bxc4 14. bxc4 Ng4 15.
h3 Ne5 16. Nd1 exd5 17. cxd5 Qb6 18. Bc3 Bf5 19. e4 Bd7 20. f4 c4+ 21. Nf2 Nd3
22. Rb1 Qc5 23. Rxb8 Rxb8 24. Bxg7 Kxg7 25. Qc3+ f6 26. e5 fxe5 27. Nde4 Qb4
28. Nxd3 Qxc3 29. Nxc3 cxd3 30. fxe5 Rb2 31. e6 Be8 32. Be4 d2 33. Rd1 Kf6 34.
Kf2 Ke5 35. Ke3 Nc4+ 36. Kd3 Rb4 37. Rf1 Nb6 38. Kxd2 Kd4 39. Ne2+ Ke5 40. Bd3
Nxd5 41. Rf8 Nc7 42. Bxa6 Rb2+ 43. Ke1 Rxa2 44. Bc8 Ra8 45. Bd7 d5 46. Rh8 d4
47. Nf4 Ke4 48. Rxh7 g5 49. Bxe8 Nxe8 {Big Database 2020 gives this as Robert
McFarland 0-1 D.Leech - but no such player took part. It was probably David J
Coleman (but I can't be certain without seeing the bulletin) - JS} 0-1

[Event "GBR-ch82"]
[Site "Swansea"]
[Date "1995.08.05"]
[Round "6"]
[White "Rudd, Jack"]
[Black "Ledger, Andrew J"]
[Result "0-1"]
[WhiteElo "2230"]
[BlackElo "2410"]
[PlyCount "98"]
[EventDate "1995.07.31"]
[EventType "swiss"]
[EventRounds "11"]
[EventCountry "GBR"]
[SourceTitle "BritBase"]
[Source "John Saunders"]
[SourceDate "2023.06.01"]
[SourceVersion "1"]
[SourceVersionDate "2023.06.01"]
[SourceQuality "1"]

1. d4 Nf6 2. Nf3 g6 3. Bg5 Bg7 4. Nbd2 O-O 5. e3 b6 6. Bd3 c5 7. c3 d6 8. Qe2
Qc7 9. O-O-O cxd4 10. exd4 Nc6 11. Kb1 Rb8 12. h4 b5 13. Bxf6 exf6 14. h5 b4
15. c4 Bg4 16. hxg6 fxg6 17. Qe4 Qd7 18. Rde1 Rbe8 19. Qd5+ Be6 20. Rxe6 Rxe6
21. Ne4 Rf7 22. Qb5 Ree7 23. d5 Ne5 24. Qxd7 Rxd7 25. Nxe5 fxe5 26. f3 Bf8 27.
Kc2 Rb7 28. c5 dxc5 29. Bc4 Rf4 30. b3 Rd7 31. Rd1 Bd6 32. Bb5 Rd8 33. Kd3 h6
34. Bc6 a6 35. Bb7 Rf7 36. Bxa6 Ra7 37. Bc4 Rxa2 38. Nxd6 Rxd6 39. Ke4 Kf7 40.
Kxe5 Ke7 41. Rh1 Rxg2 42. Rxh6 Rg5+ 43. Ke4 Rh5 44. Rxh5 gxh5 45. Ke5 h4 46.
Bf1 Rh6 47. Bh3 Rh5+ 48. Ke4 Kd6 49. Kf4 c4 0-1

[Event "GBR-ch82"]
[Site "Swansea"]
[Date "1995.08.05"]
[Round "6"]
[White "Summerscale, Aaron P"]
[Black "Parker, Jonathan F"]
[Result "1/2-1/2"]
[WhiteElo "2455"]
[BlackElo "2415"]
[PlyCount "46"]
[EventDate "1995.07.31"]
[EventType "swiss"]
[EventRounds "11"]
[EventCountry "GBR"]
[SourceTitle "BritBase"]
[Source "John Saunders"]
[SourceDate "2023.06.01"]
[SourceVersion "1"]
[SourceVersionDate "2023.06.01"]
[SourceQuality "1"]

1. d4 Nf6 2. c4 e6 3. Nc3 d5 4. cxd5 exd5 5. Bg5 c6 6. e3 Be7 7. Qc2 Nbd7 8.
Bd3 Nh5 9. Bxe7 Qxe7 10. Nge2 g6 11. Rb1 O-O 12. b4 f5 13. O-O a6 14. a4 f4 15.
exf4 Nxf4 16. Nxf4 Rxf4 17. b5 axb5 18. axb5 Nf8 19. bxc6 bxc6 20. Ne2 Rf6 21.
Rb6 Bd7 22. Qb2 Re8 23. Qb4 Qf7 1/2-1/2

[Event "GBR-ch82"]
[Site "Swansea"]
[Date "1995.08.05"]
[Round "6"]
[White "Turner, Matthew J"]
[Black "Arkell, Keith C"]
[Result "0-1"]
[WhiteElo "2400"]
[BlackElo "2505"]
[PlyCount "112"]
[EventDate "1995.07.31"]
[EventType "swiss"]
[EventRounds "11"]
[EventCountry "GBR"]
[SourceTitle "BritBase"]
[Source "John Saunders"]
[SourceDate "2023.06.01"]
[SourceVersion "1"]
[SourceVersionDate "2023.06.01"]
[SourceQuality "1"]

1. c4 c5 2. Nc3 Nc6 3. g3 g6 4. Bg2 Bg7 5. Nf3 Nf6 6. O-O O-O 7. d4 cxd4 8.
Nxd4 Nxd4 9. Qxd4 d6 10. Qd2 a6 11. Rd1 Nd7 12. b3 Rb8 13. Bb2 b5 14. cxb5 axb5
15. Nd5 Bxb2 16. Qxb2 Bb7 17. Rac1 Bxd5 18. Rxd5 Qb6 19. Qd2 Nf6 20. Rd4 Rfc8
21. Rxc8+ Rxc8 22. e3 Qc5 23. Bf1 d5 24. b4 Qc1 25. Qxc1 Rxc1 26. Kg2 Rc2 27.
Bxb5 Rxa2 28. Bc6 e6 29. b5 Rb2 30. Ra4 Kg7 31. Kf3 h5 32. h3 g5 33. g4 h4 34.
Rd4 Kf8 35. Ra4 Ne4 36. Rxe4 dxe4+ 37. Bxe4 Rxb5 38. Bd3 Rb2 39. Be4 Ke7 40.
Bd3 Kd6 41. Be4 Kc5 42. Bh7 f6 43. Bg8 e5 44. Bh7 Kc4 45. Bf5 Kc3 46. Ke4 Rxf2
47. Kd5 Rxf5 48. gxf5 g4 49. hxg4 h3 50. Ke6 h2 51. Kxf6 h1=Q 52. Kxe5 Qh4 53.
f6 Qg5+ 54. Ke6 Qxg4+ 55. Ke7 Qg5 56. Kf8 Qxf6+ 0-1

[Event "GBR-ch82"]
[Site "Swansea"]
[Date "1995.08.05"]
[Round "6"]
[White "Yeo, Michael J"]
[Black "Thompson, Ian D"]
[Result "1/2-1/2"]
[WhiteElo "2210"]
[BlackElo "2310"]
[PlyCount "85"]
[EventDate "1995.07.31"]
[EventType "swiss"]
[EventRounds "11"]
[EventCountry "GBR"]
[SourceTitle "BritBase"]
[Source "John Saunders"]
[SourceDate "2023.06.01"]
[SourceVersion "1"]
[SourceVersionDate "2023.06.01"]
[SourceQuality "1"]

1. e4 e6 2. d4 d5 3. Nc3 Bb4 4. a3 Bxc3+ 5. bxc3 dxe4 6. Qg4 Nf6 7. Qxg7 Rg8 8.
Qh6 Nbd7 9. Nh3 Qe7 10. Ng5 e3 11. Bxe3 Ng4 12. Qxh7 Rxg5 13. Bxg5 Qxg5 14. Be2
Ngf6 15. Qh8+ Ke7 16. Qh3 Nb6 17. O-O Nbd5 18. f4 Nxf4 19. Qf3 Nxe2+ 20. Qxe2
Bd7 21. Rf3 Bc6 22. Rg3 Qh5 23. Qxh5 Nxh5 24. Rg5 Nf4 25. Re1 b5 26. Rc5 Bxg2
27. Rxc7+ Kf6 28. Kf2 Rg8 29. Rxa7 Bc6 30. Rf1 Bg2 31. Rb1 Rg5 32. Ke3 Nd5+ 33.
Kd2 Be4 34. Rf1+ Bf5 35. Rf2 Rh5 36. Rb7 Rh3 37. Rxb5 Nxc3 38. Re5 Nb1+ 39. Kc1
Nxa3 40. Rc5 Ke7 41. c3 Bg6 42. Kb2 Nc2 43. Rxc2 1/2-1/2

[Event "GBR-ch82"]
[Site "Swansea"]
[Date "1995.08.07"]
[Round "7"]
[White "Barnes, Michael H"]
[Black "Rudd, Jack"]
[Result "1/2-1/2"]
[WhiteElo "2295"]
[BlackElo "2230"]
[PlyCount "113"]
[EventDate "1995.07.31"]
[EventType "swiss"]
[EventRounds "11"]
[EventCountry "GBR"]
[SourceTitle "BritBase"]
[Source "John Saunders"]
[SourceDate "2023.06.01"]
[SourceVersion "1"]
[SourceVersionDate "2023.06.01"]
[SourceQuality "1"]

1. e4 c5 2. Nf3 e6 3. d4 cxd4 4. Nxd4 Nf6 5. Nc3 Nc6 6. Ndb5 Bb4 7. a3 Bxc3+ 8.
Nxc3 O-O 9. Bg5 d5 10. exd5 exd5 11. Bd3 Re8+ 12. Ne2 Qd6 13. O-O Bg4 14. f3
Bh5 15. c3 Ne4 16. Bh4 Nc5 17. Bc2 Ne6 18. Qd2 Qc5+ 19. Kh1 d4 20. Rad1 dxc3
21. Qxc3 Qb5 22. Bd3 Qa4 23. Bc4 Rac8 24. Ng3 Ncd4 25. b3 Nxb3 26. Bxb3 Qxh4
27. Qa5 Nc5 28. Ba2 Bg6 29. Qxa7 Qf6 30. Ne4 Nxe4 31. fxe4 Qb2 32. Rf2 Rc1 33.
Rxb2 Rxd1+ 34. Qg1 Rxg1+ 35. Kxg1 Bxe4 36. Rf2 Bg6 37. Rd2 h5 38. Rd7 Re1+ 39.
Kf2 Rc1 40. Bd5 b5 41. Rb7 Rc5 42. Bb3 Kh7 43. a4 Bc2 44. Rxb5 Rc3 45. Bxf7 g6
46. a5 Be4 47. Bb3 h4 48. a6 h3 49. g4 Rf3+ 50. Ke2 Rg3 51. a7 Rxg4 52. Ke3 Bh1
53. Bc2 Rc4 54. Bb3 Rc7 55. Bd5 Bxd5 56. Rxd5 Rxa7 57. Kf3 1/2-1/2

[Event "GBR-ch82"]
[Site "Swansea"]
[Date "1995.08.07"]
[Round "7"]
[White "Coleman, David J"]
[Black "Van Zyil Smit, Konrad"]
[Result "1-0"]
[WhiteElo "2255"]
[BlackElo "2100"]
[PlyCount "93"]
[EventDate "1995.07.31"]
[EventType "swiss"]
[EventRounds "11"]
[EventCountry "GBR"]
[SourceTitle "BritBase"]
[Source "John Saunders"]
[SourceDate "2023.06.01"]
[SourceVersion "1"]
[SourceVersionDate "2023.06.01"]
[SourceQuality "1"]

1. e4 e5 2. Nf3 Nc6 3. d4 exd4 4. Bc4 Bc5 5. c3 Nf6 6. cxd4 Bb4+ 7. Nc3 d5 8.
exd5 Nxd5 9. O-O Bxc3 10. bxc3 O-O 11. Qd3 Nce7 12. Ba3 Re8 13. Rfe1 Bf5 14.
Qd2 c6 15. Re5 Qd7 16. Nh4 Be6 17. Rae1 Ng6 18. Nxg6 hxg6 19. Bb3 Rad8 20. h4
b5 21. Bc5 a6 22. f3 f6 23. R5e4 Kh7 24. Kf2 Kg8 25. a3 Ne7 26. Bc2 Nd5 27. h5
Bf5 28. hxg6 Bxe4 29. Rxe4 f5 30. Qg5 fxe4 31. Qh4 e3+ 32. Ke2 Nf6 33. Bb3+ Re6
34. Qh3 Rde8 35. f4 Qc7 36. g3 a5 37. f5 b4 38. cxb4 Qb7 39. Bc4 axb4 40. axb4
Qa8 41. fxe6 Re7 42. Bxe7 Qa3 43. Bxf6 Qb2+ 44. Kxe3 Qc1+ 45. Kf2 Qc2+ 46. Be2
Qxg6 47. Be5 1-0

[Event "GBR-ch82"]
[Site "Swansea"]
[Date "1995.08.07"]
[Round "7"]
[White "Ferguson, Mark"]
[Black "Bates, Richard A"]
[Result "1/2-1/2"]
[WhiteElo "2360"]
[BlackElo "2345"]
[PlyCount "84"]
[EventDate "1995.07.31"]
[EventType "swiss"]
[EventRounds "11"]
[EventCountry "GBR"]
[SourceTitle "BritBase"]
[Source "John Saunders"]
[SourceDate "2023.06.01"]
[SourceVersion "1"]
[SourceVersionDate "2023.06.01"]
[SourceQuality "1"]

1. Nf3 c5 2. c3 Nf6 3. d4 b6 4. Bf4 Ba6 5. Nbd2 e6 6. h3 Be7 7. e3 Bxf1 8. Nxf1
Nc6 9. N1d2 O-O 10. O-O d6 11. a4 Qd7 12. Qe2 Qb7 13. Rfd1 Rfd8 14. Nc4 Qa6 15.
Kf1 d5 16. Nce5 Qxe2+ 17. Kxe2 Na5 18. Nd2 c4 19. Bg5 Kf8 20. Bxf6 Bxf6 21. f4
Bxe5 22. dxe5 f6 23. Nf3 Ke7 24. Nd4 fxe5 25. fxe5 Rf8 26. Rf1 a6 27. h4 Nb7
28. h5 Nc5 29. a5 b5 30. h6 Rxf1 31. Rxf1 gxh6 32. Nc6+ Kd7 33. Nb4 Ke7 34.
Nc6+ Kd7 35. Nb4 Re8 36. Rf6 Re7 37. Rxh6 Kc7 38. Nc2 Na4 39. Nb4 Kb7 40. Nc2
Kc7 41. Nb4 Kb7 42. Nc2 Kc7 1/2-1/2

[Event "GBR-ch82"]
[Site "Swansea"]
[Date "1995.08.07"]
[Round "7"]
[White "Hague, Ben"]
[Black "Cooper, Lawrence"]
[Result "1/2-1/2"]
[WhiteElo "2230"]
[BlackElo "2315"]
[PlyCount "72"]
[EventDate "1995.07.31"]
[EventType "swiss"]
[EventRounds "11"]
[EventCountry "GBR"]
[SourceTitle "BritBase"]
[Source "John Saunders"]
[SourceDate "2023.06.01"]
[SourceVersion "1"]
[SourceVersionDate "2023.06.01"]
[SourceQuality "1"]

1. e4 e5 2. Nf3 Nc6 3. d4 exd4 4. c3 d5 5. exd5 Qxd5 6. cxd4 Bg4 7. Be2 Bb4+ 8.
Nc3 Bxf3 9. Bxf3 Qc4 10. Bxc6+ bxc6 11. Qe2+ Qxe2+ 12. Kxe2 O-O-O 13. a3 Ba5
14. Be3 Ne7 15. Rhd1 Nf5 16. g4 Ne7 17. Ne4 f5 18. Ng5 Rd5 19. h3 Bb6 20. f4
Rb5 21. Rd2 Nd5 22. a4 Rb3 23. a5 Re8 24. axb6 Rexe3+ 25. Kd1 axb6 26. gxf5
Nxf4 27. Ra8+ Kb7 28. Rg8 Re7 29. Nxh7 Rxh3 30. Ng5 Nd5 31. Nxh3 Ne3+ 32. Kc1
Nxf5 33. Nf4 Re4 34. Rf2 Nxd4 35. Rxg7 Rxf4 36. Rxf4 Ne2+ 1/2-1/2

[Event "GBR-ch82"]
[Site "Swansea"]
[Date "1995.08.07"]
[Round "7"]
[White "Hennigan, Michael T"]
[Black "Byway, Paul V"]
[Result "1-0"]
[WhiteElo "2465"]
[BlackElo "2245"]
[PlyCount "78"]
[EventDate "1995.07.31"]
[EventType "swiss"]
[EventRounds "11"]
[EventCountry "GBR"]
[SourceTitle "BritBase"]
[Source "John Saunders"]
[SourceDate "2023.06.01"]
[SourceVersion "1"]
[SourceVersionDate "2023.06.01"]
[SourceQuality "1"]

1. e4 c5 2. Nf3 e6 3. d4 cxd4 4. Nxd4 Nf6 5. Nc3 Nc6 6. Nxc6 bxc6 7. e5 Nd5 8.
Ne4 f5 9. exf6 Nxf6 10. Nd6+ Bxd6 11. Qxd6 Qb6 12. Bd3 c5 13. Bf4 Bb7 14. O-O
Rc8 15. c4 Rc6 16. Qe5 O-O 17. b3 Bc8 18. Qg5 d6 19. Bd2 Rc7 20. Bc3 Qc6 21.
Rae1 Rcf7 22. f4 d5 23. Be5 Ne4 24. Qh4 Bb7 25. Rf3 Qd7 26. Rh3 g6 27. Qh6 Rf5
28. Be2 Qf7 29. Bf3 Qd7 30. Qh4 Qf7 31. Bg4 g5 32. Qh6 Rxe5 33. Bh5 Qg7 34.
Qxg7+ Kxg7 35. fxe5 Rf5 36. cxd5 exd5 37. Rf3 Rxe5 38. Rf7+ Kh6 39. Rxb7 Kxh5 {
Black lost on time} 1-0

[Event "GBR-ch82"]
[Site "Swansea"]
[Date "1995.08.07"]
[Round "7"]
[White "Lawton, Geoffrey W"]
[Black "Cobb, Charles A"]
[Result "0-1"]
[WhiteElo "2385"]
[BlackElo "2210"]
[PlyCount "69"]
[EventDate "1995.07.31"]
[EventType "swiss"]
[EventRounds "11"]
[EventCountry "GBR"]
[SourceTitle "BritBase"]
[Source "John Saunders"]
[SourceDate "2023.06.01"]
[SourceVersion "1"]
[SourceVersionDate "2023.06.01"]
[SourceQuality "1"]

1. d4 e6 2. c4 Nf6 3. Nc3 Bb4 4. Qc2 d5 5. e3 c5 6. a3 Bxc3+ 7. bxc3 O-O 8. Nf3
Nc6 9. Bd3 dxc4 10. Bxc4 Qc7 11. O-O e5 12. Bd3 Re8 13. dxe5 Nxe5 14. Nxe5 Qxe5
15. f3 Bd7 16. Re1 Bc6 17. Bf1 Rad8 18. Bd2 h5 19. e4 h4 20. Be3 Rd7 21. Qf2 b6
22. c4 Qh5 23. a4 Nh7 24. a5 Ng5 25. axb6 axb6 26. Rab1 Rb7 27. Red1 Qg6 28.
Kh1 h3 29. Qg3 Nxe4 30. Qxg6 fxg6 31. fxe4 Bxe4 32. Rb3 Bc2 33. Rdb1 Bxb1 34.
Rxb1 Rxe3 35. gxh3 0-1

[Event "GBR-ch82"]
[Site "Swansea"]
[Date "1995.08.07"]
[Round "7"]
[White "Ledger, Andrew J"]
[Black "Williams, Simon Kim"]
[Result "1/2-1/2"]
[WhiteElo "2410"]
[BlackElo "2250"]
[PlyCount "59"]
[EventDate "1995.07.31"]
[EventType "swiss"]
[EventRounds "11"]
[EventCountry "GBR"]
[SourceTitle "BritBase"]
[Source "John Saunders"]
[SourceDate "2023.06.01"]
[SourceVersion "1"]
[SourceVersionDate "2023.06.01"]
[SourceQuality "1"]

1. c4 f5 2. g3 Nf6 3. Bg2 e6 4. Nf3 d5 5. O-O c6 6. d3 Bd6 7. Nc3 O-O 8. e4
dxe4 9. dxe4 e5 10. exf5 Bxf5 11. Ng5 Qe7 12. Nge4 Nxe4 13. Nxe4 Bxe4 14. Bxe4
Nd7 15. Be3 Nf6 16. Bg2 Rad8 17. Qb3 Bc5 18. Rae1 Ng4 19. Bxc5 Qxc5 20. Re2 e4
21. Bxe4 Nxh2 22. Rfe1 Qh5 23. Kg2 Rd4 24. c5+ Kh8 25. Qe3 Ng4 26. Qxd4 Qh2+
27. Kf1 Qh3+ 28. Kg1 Qh2+ 29. Kf1 Qh3+ 30. Kg1 1/2-1/2

[Event "GBR-ch82"]
[Site "Swansea"]
[Date "1995.08.07"]
[Round "7"]
[White "Levitt, Jonathan P"]
[Black "Cobb, James E"]
[Result "1-0"]
[WhiteElo "2420"]
[BlackElo "2280"]
[PlyCount "99"]
[EventDate "1995.07.31"]
[EventType "swiss"]
[EventRounds "11"]
[EventCountry "GBR"]
[SourceTitle "BritBase"]
[Source "John Saunders"]
[SourceDate "2023.06.01"]
[SourceVersion "1"]
[SourceVersionDate "2023.06.01"]
[SourceQuality "1"]

1. d4 e6 2. c4 d5 3. Nf3 Nf6 4. Nc3 Be7 5. Bg5 h6 6. Bh4 O-O 7. e3 b6 8. Rb1 a5
9. Qa4 Bd7 10. Qc2 Na6 11. Bxf6 Bxf6 12. cxd5 Nb4 13. Qb3 Nxd5 14. Nxd5 exd5
15. Qxd5 Be6 16. Qxd8 Rfxd8 17. Rc1 c5 18. Bc4 Bxc4 19. Rxc4 cxd4 20. Nxd4 Bxd4
21. Rxd4 Rxd4 22. exd4 Rd8 23. Kd2 Rxd4+ 24. Kc3 Rd5 25. Re1 Rc5+ 26. Kb3 Rb5+
27. Ka3 Kf8 28. Re3 Rd5 29. Re2 Rd4 30. Kb3 g6 31. Kc3 Rd5 32. a3 h5 33. h4
Rc5+ 34. Kb3 Rd5 35. g3 Rc5 36. Ka4 Rd5 37. Rc2 Rd6 38. Kb5 Ke7 39. b4 axb4 40.
axb4 Kd7 41. Rc3 Rf6 42. Rc2 Rd6 43. Ka6 Ke6 44. b5 Kf5 45. Rc7 f6 46. Rc6 Rd2
47. Kxb6 Rxf2 48. Kc7 g5 49. b6 Re2 50. Rc4 1-0

[Event "GBR-ch82"]
[Site "Swansea"]
[Date "1995.08.07"]
[Round "7"]
[White "McShane, Luke J"]
[Black "Ledger, Stephen C"]
[Result "1-0"]
[WhiteElo "2170"]
[BlackElo "2260"]
[PlyCount "79"]
[EventDate "1995.07.31"]
[EventType "swiss"]
[EventRounds "11"]
[EventCountry "GBR"]
[SourceTitle "BritBase"]
[Source "John Saunders"]
[SourceDate "2023.06.01"]
[SourceVersion "1"]
[SourceVersionDate "2023.06.01"]
[SourceQuality "1"]

1. e4 c5 2. Nf3 Nc6 3. d4 cxd4 4. Nxd4 Nf6 5. Nc3 e5 6. Ndb5 d6 7. Nd5 Nxd5 8.
exd5 Ne7 9. c3 Ng6 10. Qa4 Bd7 11. Qb4 Bf5 12. Qc4 Ke7 13. a4 a6 14. Na3 Ke8
15. Be3 Be7 16. Qb3 Qd7 17. Nc4 Rd8 18. a5 Nf4 19. Nb6 Qc7 20. Bxf4 exf4 21.
Qa4+ Kf8 22. Qxf4 Bg6 23. Be2 Bf6 24. O-O h5 25. Ra4 Qe7 26. Qd2 Rh6 27. Re1
Re8 28. Raa1 Qd8 29. Bd3 h4 30. Rxe8+ Qxe8 31. Bxg6 Rxg6 32. Re1 Qd8 33. Re4
Be5 34. f4 f5 35. Re2 Bf6 36. Qd3 Qc7 37. Qxf5 Qc5+ 38. Kh1 Qxa5 39. Qc8+ Kf7
40. Qe8# 1-0

[Event "GBR-ch82"]
[Site "Swansea"]
[Date "1995.08.07"]
[Round "7"]
[White "Menadue, Jeremy FS"]
[Black "Condie, Mark L"]
[Result "1/2-1/2"]
[WhiteElo "2255"]
[BlackElo "2450"]
[PlyCount "31"]
[EventDate "1995.07.31"]
[EventType "swiss"]
[EventRounds "11"]
[EventCountry "GBR"]
[SourceTitle "BritBase"]
[Source "John Saunders"]
[SourceDate "2023.06.01"]
[SourceVersion "1"]
[SourceVersionDate "2023.06.01"]
[SourceQuality "1"]

1. d4 d5 2. c4 c6 3. Nf3 e6 4. Nc3 f5 5. Bg5 Nf6 6. e3 Bd6 7. Bd3 O-O 8. Qc2 h6
9. Bh4 Qe8 10. cxd5 Nxd5 11. Bg3 Bxg3 12. hxg3 Nb4 13. Qd2 Nxd3+ 14. Qxd3 b6
15. Ne5 Nd7 16. Nxd7 1/2-1/2

[Event "GBR-ch82"]
[Site "Swansea"]
[Date "1995.08.07"]
[Round "7"]
[White "Parker, Jonathan F"]
[Black "Ward, Christopher G"]
[Result "1-0"]
[WhiteElo "2415"]
[BlackElo "2500"]
[PlyCount "95"]
[EventDate "1995.07.31"]
[EventType "swiss"]
[EventRounds "11"]
[EventCountry "GBR"]
[SourceTitle "BritBase"]
[Source "John Saunders"]
[SourceDate "2023.06.01"]
[SourceVersion "1"]
[SourceVersionDate "2023.06.01"]
[SourceQuality "1"]

1. d4 Nf6 2. c4 e6 3. Nf3 c5 4. e3 cxd4 5. exd4 d6 6. Nc3 Be7 7. Bd3 b6 8. O-O
O-O 9. d5 e5 10. Rb1 Bg4 11. b4 Nbd7 12. Be2 a5 13. a3 Bf5 14. Rb3 Ne4 15. Nb5
Bg6 16. Ne1 axb4 17. axb4 f5 18. f3 Nef6 19. f4 Ne4 20. Nd3 Ra1 21. Ra3 Rxa3
22. Bxa3 Qb8 23. Bc1 Bf6 24. Qb3 Re8 25. Bf3 exf4 26. Bxf4 Ne5 27. Bxe4 fxe4
28. Nxe5 Bxe5 29. Bxe5 Rxe5 30. Qe3 h6 31. Nd4 Bf7 32. Nc6 Qe8 33. Nxe5 Qxe5
34. b5 Bg6 35. Re1 Qb2 36. Qxb6 Qc3 37. Qe3 Qxc4 38. b6 Qxd5 39. Rb1 Qb7 40.
Qg3 Kh7 41. Qxd6 e3 42. Re1 Qe4 43. Qg3 e2 44. Qf2 Bh5 45. h3 Qd3 46. b7 Qb3
47. Qa7 Qb4 48. Rxe2 1-0

[Event "GBR-ch82"]
[Site "Swansea"]
[Date "1995.08.07"]
[Round "7"]
[White "Pert, Nicholas"]
[Black "Hunt, Harriet"]
[Result "1-0"]
[WhiteElo "2160"]
[BlackElo "2385"]
[PlyCount "63"]
[EventDate "1995.07.31"]
[EventType "swiss"]
[EventRounds "11"]
[EventCountry "GBR"]
[SourceTitle "BritBase"]
[Source "John Saunders"]
[SourceDate "2023.06.01"]
[SourceVersion "1"]
[SourceVersionDate "2023.06.01"]
[SourceQuality "1"]

1. d4 Nf6 2. Nf3 e6 3. g3 d5 4. Bg2 c5 5. O-O Nc6 6. c4 dxc4 7. Ne5 Nxe5 8.
dxe5 Qxd1 9. Rxd1 Nd5 10. Na3 Bd7 11. Nxc4 Bb5 12. Nd6+ Bxd6 13. exd6 Bc6 14.
e4 Nb4 15. Be3 b6 16. Rd2 Kd7 17. a3 Na6 18. Rb1 Rhc8 19. b4 cxb4 20. axb4 Bb7
21. e5 Bxg2 22. Kxg2 Rc4 23. Ra2 Rxb4 24. Rba1 Nc5 25. Rxa7+ Rxa7 26. Rxa7+ Ke8
27. Re7+ Kf8 28. Bxc5 bxc5 29. Rc7 Ke8 30. Rxc5 Rb7 31. Rc8+ Kd7 32. Rg8 1-0